000 00419nam a2200133Ia 4500
008 100328s9999 xx 000 0 und d
082 _b22821
100 _aसहस्त्रबुदे नलिनी
245 _aराणी दुर्गावती
260 _bसंजय
630 _aराणी दुर्गावती
730 _aराणी दुर्गावती
942 _cBOOK
999 _c516647
_d516644